F1 GP winners: sudden death - Statistiken

Allgemein
  • Dieses Quiz wurde 573 mal gespielt
    572 seit der letzten Aktualisierung
  • Das Durchschnittsergebnis liegt bei 11 aus 14
Answers on the Grid
Answers color-coded by a green-red scale on the quiz's grid according to % correct below.
Lewis Hamilton
Max Verstappen
Alexander Albon
Carlos Sainz
Daniil Kvyat
Nico Rosberg
Esteban Ocon
Lance Stroll
Nico Hülkenberg
Pierre Gasly
Charles Leclerc
Logan Sargeant
Robert Kubica
Sergio Perez
Yuki Tsunoda
Kevin Magnussen
Michael Schumacher
Serigo Perez
Valtteri Bottas
Kimi Antonelli
Liam Lawson
Zhou Guanyu
Fernando Alonso
Kimi Raikkonen
 
Antwortstatistiken
Antwort % Korrekt
Lewis Hamilton
98%
Max Verstappen
98%
Nico Rosberg
85%
Carlos Sainz
83%
Michael Schumacher
82%
Charles Leclerc
80%
Fernando Alonso
78%
Kimi Raikkonen
76%
Sergio Perez
76%
Valtteri Bottas
75%
Serigo Perez
69%
Pierre Gasly
65%
Esteban Ocon
63%
Robert Kubica
54%
Keine übereinstimmenden Quizze gefunden
Verteilung der Resultate
Anzahl Personen mit jedem Resultat
Perzentil nach korrekt beantworteten Fragen
Ihre Resultats-Entwicklung
Sie haben dieses Quiz seit der letzten Aktualisierung nicht gespielt